Responses for show #6983 - Wednesday, January 14, 2015

John Schultz game 5.

Contestants

[<< previous game]

Cyndi Pruss, a biochemist from Kingston, Ontario, Canada

Joshua Qualls, a theoretical physicist from Lexington, Kentucky

John Schultz, a computer programmer from Ann Arbor, Michigan (whose 4-day cash winnings total $85,000)

[next game >>]

Jeopardy! Round responses

LANDMARK SUPREME COURT CASES
FRUIT
WHAT IT'S NOT
EARTH
WIND
"FIRE"
    $200 26
the First Amendment

John
    $200 11
nectarine

Joshua
    $200 16
Honda

Cyndi
    $200 1
Nairobi

Joshua
    $200 21
Chicago

John
    $200 6
a bonfire

Joshua
    $400 27
the Browns

John
    $400 12
a date

John
    $400 17
(Cyndi: What is delegate?)

primary

JoshuaCyndi
    $1,000 2
(Joshua: What is the Aegean?)

the Adriatic

Joshua
    $400 22
Beyoncé

John
    $400 7
a firewall

Joshua
    $600 28
Miranda

John
    $600 13
grapefruit

Joshua
    $600 18
dogwood

Joshua
    $600 3
(Cyndi: What is Amsterdam?)

The Hague

JohnCyndi
    $600 23
Duran Duran

John
    $600 8
a fireball

Cyndi
    $800 29
Dred Scott

Cyndi
    $800 14
pineapple

Cyndi
    $800 19
Aung San Suu Kyi

Triple Stumper
    $800 4
Hells Canyon

Triple Stumper
    $800 24
"September"

Triple Stumper
    $800 9
a Spitfire

John
    $1000 30
(John: What are reserved?)

implied powers

John
Triple Stumper
    $1000 15
the plum

Triple Stumper
    $1000 20
a dormer

John
    $1000 5
(John: What is Russia?)
(Joshua: What is Ukraine?)

Antarctica

JohnJoshua
Triple Stumper
    $1000 25
Fleetwood Mac

Cyndi
    $1000 10
playing with fire

John

Scores at the first commercial break (after clue 15):

John Joshua Cyndi
$1,800 -$400 $800

Scores at the end of the Jeopardy! Round:

John Joshua Cyndi
$4,200 $600 $2,400

Double Jeopardy! Round responses

THE 19th CENTURY
JOBS IN ART
CAT-O'-FIVE-TALES
DESIGNERS
FROM NAMES TO WORDS
LUCKY '13
    $400 16
(Aaron) Burr

Joshua
    $400 21
a secretary

Cyndi
    $400 1
the Littles (the Little family)

Joshua
    $400 22
Klein

Joshua
    $400 6
boycott

Joshua
    $400 11
(Prince) George

Joshua
    $800 17
the Barbary pirates

Joshua
    $800 23
a doctor

Triple Stumper
    $2,000 2
Pet Sematary

Joshua
    $800 30
Prada

Joshua
    $800 7
a leotard

Cyndi
    $800 12
Jennifer Lawrence

John
    $1200 18
John Wilkes Booth

Triple Stumper
    $1200 24
The Laundress

Cyndi
    $1200 3
Colette

Cyndi
    $1200 29
(Joshua: Who is Versace?)
(Alex: Correct. Oh, be more specific.)
(Joshua: Who is... Sally Versace?)

Donatella Versace

JohnJoshua
    $1200 8
[Alex reads the clue in a voice in imitation of the actor whose name is the response.]

bogart

John
    $1200 13
Bon Jovi

John
    $2,500 19
(Joshua: I don't know.)

Karl Marx

Joshua
    $1600 25
Canaletto

Triple Stumper
    $1600 4
Old Deuteronomy

John
    $1600 27
(Michael) Kors

Joshua
    $1600 9
Houdini

John
    $1600 14
"What Does The Fox Say?"

Joshua
    $2000 20
the Seminoles

John
    $2000 26
(Alex: Less than a minute to go now, Cyndi.)

Jacob Lawrence

Triple Stumper
    $2000 5
(Erwin) Schrodinger

Joshua
    $2000 28
McQueen

John
    $2000 10
a van Dyck

Joshua
    $2000 15
Halle Berry

Triple Stumper

Scores at the end of the Double Jeopardy! Round:

John Joshua Cyndi
$15,800 $9,700 $6,000

[wagering suggestions for these scores]

Final Jeopardy! Round responses

U.S. STATES
(Alex: [To John] We're looking for [*], and like Ponce de León, we find it.)
CyndiWhat is Florida?
$5,900
JoshuaWhat is Florida?
$6,300
JohnWhat is Florida?
$3,700
Florida

Final scores:

John Joshua Cyndi
$19,500 $16,000 $11,900
5-day champion: $104,500 2nd place: $2,000 3rd place: $1,000

Game dynamics:

Coryat scores:

John Joshua Cyndi
$15,800 $12,000 $6,000
19 R,
2 W
19 R
(including 1 DD),
4 W
(including 2 DDs)
9 R,
2 W

Combined Coryat: $33,800

The J! Archive is created by fans, for fans. The Jeopardy! game show and all elements thereof, including but not limited to copyright and trademark thereto, are the property of Jeopardy Productions, Inc. and are protected under law. This website is not affiliated with, sponsored by, or operated by Jeopardy Productions, Inc. Join the discussion at JBoard.tv.